000 00239nam a2200097Ia 4500
008 120527s9999 xx 000 0 und d
100 _aSELZ,Peter.
245 _aArt in our times:A pictorial history 1890-1980.
260 _bHBJ
942 _cBK
999 _c24082
_d24082